| 000 | 01311cam a2200217 4500 | ||
|---|---|---|---|
| 001 | ##L132859 | ||
| 008 | 060314n2006 000 0 eng u | ||
| 020 | _a0955190916 | ||
| 035 | _a(Sirsi) u132859 | ||
| 041 | 0 | _aeng | |
| 050 | 0 | 4 | _a306.025 $2 18 |
| 100 | 1 | _aEvans, Alan W. | |
| 245 | 0 | 0 | _aBetter homes, greener cities |
| 260 |
_aLondon _bPolicy Exchange _c2006 |
||
| 520 | _aThis final report in Policy Exchange's series on housing (see L131157) proposes that too few houses are being built in Britain because local communities have no incentives to support new development. Key proposals in the report include: allowing local authorities to retain more tax receipts arising from new developments; encouraging them to attract new inhabitants to their areas; introducing a social cost tariff of £500 000 per hectare to compensate communities for the costs of development, and devolving all aspects of the planning system to local authorities apart from minimum building targets. | ||
| 590 | _aIKA140306 | ||
| 690 | _aPROPERTY-RESIDENTIAL PROPERTY-RESIDENTIAL PROPERTY DEVELOPMENT | ||
| 700 | 1 | _aHartwich, Oliver Marc | |
| 856 | 4 | 0 |
_uhttps://www.policyexchange.org.uk/images/publications/pdfs/Better_Homes__Greener_Cities.pdf _zView the item free of charge at www.policyexchange.org.uk |
| 942 | _n0 | ||
| 999 |
_c105260 _d105260 |
||